000 00384nam a2200145Ia 4500
008 230917s9999||||xx |||||||||||||| ||und||
040 _e106651
_aMAIN
041 _aEnglish
082 _a526.0285 C55A
100 _aClarke, Keith C.
245 0 _aAnalytical and computer cartography.
260 _aNew Jersey
_bA Pearson Education Company
_c1998
300 _a334P p.
942 _cBK
999 _c120978
_d120978